|
|
|
|
| LEADER |
02078nam a2200553 i 4500 |
| 001 |
nkc20243633084 |
| 003 |
CZ PrNK |
| 005 |
20241014105043.0 |
| 007 |
ta |
| 008 |
240924s2024 xr ac c f 000 0 cze |
| 015 |
|
|
|a cnb003633084
|
| 020 |
|
|
|a 978-80-00-07338-5
|q (vázáno) :
|c Kč 349,00
|
| 035 |
|
|
|a (OCoLC)1468021087
|
| 040 |
|
|
|a BOA001
|b cze
|e rda
|
| 072 |
|
7 |
|a 61
|x Lékařské vědy. Lékařství
|2 Konspekt
|9 14
|
| 072 |
|
7 |
|a 0/9-053.2
|x Literatura pro děti a mládež (naučná)
|2 Konspekt
|9 26
|
| 080 |
|
|
|a 61(091)
|2 MRF
|
| 080 |
|
|
|a (0.062)
|2 MRF
|
| 080 |
|
|
|a (084.11)
|2 MRF
|
| 080 |
|
|
|a (0.053.2)
|2 MRF
|
| 100 |
1 |
|
|a Sekaninová, Štěpánka
|7 ola2017959546
|4 aut
|
| 245 |
1 |
0 |
|a Od šamanů k neurochirurgům /
|c napsala Štěpánka Sekaninová ; ilustroval Matěj Ilčík
|
| 250 |
|
|
|a 1. vydání
|
| 264 |
|
1 |
|a V Praze :
|b Albatros,
|c 2024
|
| 300 |
|
|
|a 63 stran :
|b barevné ilustrace, portréty ;
|c 33 cm
|
| 336 |
|
|
|a text
|b txt
|2 rdacontent
|
| 336 |
|
|
|a statický obraz
|b sti
|2 rdacontent
|
| 337 |
|
|
|a bez média
|b n
|2 rdamedia
|
| 338 |
|
|
|a svazek
|b nc
|2 rdacarrier
|
| 500 |
|
|
|a Terminologický slovník
|
| 500 |
|
|
|a Pro nakladatelství Albatros v Praze ve společnosti Albatros Media a.s. připravilo nakladatelství B4U Publishing
|
| 521 |
8 |
|
|a Pro čtenáře od 8 let
|
| 650 |
0 |
7 |
|a dějiny lékařství
|7 ph484341
|2 czenas
|
| 650 |
0 |
9 |
|a history of medicine
|2 eczenas
|
| 655 |
|
7 |
|a populárně-naučné publikace
|7 fd131864
|2 czenas
|
| 655 |
|
7 |
|a obrazové publikace
|7 fd132947
|2 czenas
|
| 655 |
|
7 |
|a publikace pro děti
|7 fd133156
|2 czenas
|
| 655 |
|
9 |
|a popular works
|2 eczenas
|
| 655 |
|
9 |
|a pictorial works
|2 eczenas
|
| 655 |
|
9 |
|a children's literature
|2 eczenas
|
| 700 |
1 |
|
|a Ilčík, Matej,
|d 1988-
|7 ola20191046601
|4 ill
|
| 910 |
2 |
|
|a BOA001
|b 4-1531.848
|
| 928 |
9 |
|
|a Albatros Media - Albatros
|
| 928 |
9 |
|
|a Albatros Media - B4U Publishing
|
| 928 |
9 |
|
|a B4U Publishing
|
| 990 |
|
|
|a BK
|
| 995 |
|
|
|a 01
|
| 991 |
|
|
|b 202410
|c NOV
|
| 996 |
6 |
|
|b 2610981458
|c 4-1531.848
|l MZK
|r Sklad / do 1 hodiny
|n 0
|p p.v.
|w 001978861
|u 000010
|a 1
|e BOA001
|j MZK50
|s P
|